000 00376nam a22001577a 4500
003 OSt
005 20260324154655.0
008 260324b |||||||| |||| 00| 0 eng d
020 _a9780415299916
040 _cIIMT UNIVERSITY
100 _aDE, AMIT KRISHNA
245 _aCAPSICUM THE GENUS CAPSICUM
260 _aLONDON
_bCRC PRESS
_c2012
300 _a275
942 _2ddc
_c01
999 _c67543
_d67543